000 00934nam a2200253 a 4500
005 20171103151040.0
008 941006m19891999ii lw 000 0 eng http://192.168.1.99:8093/cgi-bin/koha/cataloguing/addbiblio.pl?biblionumber=0&z3950=1&frameworkcode=BKS&breedingid=7591#
010 _aENG-92684
020 _c500.00 (app.)
035 _aEN-76216
037 _bDBAD / PUB
040 _adpl
_bEnglish
082 _a347.052
100 _aManohar, V.R.
_916080
110 _aIndia.
_916081
240 _aLaws, etc. (A.I.R. manual)
245 _aThe AIR manual :
_bunrepealed central acts (civil and criminal) /
_cby V.R. Manohar & W.W. Chitaley.
250 _a6th ed.
260 _aNagpur :
_bAll India Reporter,
_c2004
300 _av.15(xx, 1236p.)
_c25 cm (Hb)
500 _aThe price of the book has been fixed Rs.500.00 (app.)
700 _aChitaley, W. W.
_916082
942 _2ddc
_cEN
_h347.052
_mMAN
999 _c22611
_d22611